alg: 43800375
001A    $03025:26-10-18 
001B    $01999:26-10-18 $t23:04:26.000 
001D    $03025:26-10-18 
001U    $0utf8 
001X    $00 
002@    $0Aou 
002C    $aText $btxt $2rdacontent 
002D    $aohne Hilfsmittel zu benutzen $bn $2rdamedia 
002E    $aBand $bnc $2rdacarrier 
003@    $0438003756 
007A    $0438003756 $aHEB 
010@    $aeng 
010E    $erda 
011@    $a2017 
021A    $aThe @Great War in Lithuanian Literature and Memoirs $hEugenijus Žmuida 
028A    $BVerfasser $4aut $7 $8Žmuida, Eugenijus [Tnu] $9405892462 
031A    $g17 $h147-163 $j2017 
039B    $aEnthalten in $8--Aau--. The @Great War in Lithuania and Lithuanians in the Great War: experiences and memories. - Klaipėda : Klaipėdos universiteto leidykla, 2017. - 238 Seiten $x201700000000000853 $9434658367 
044K    $#Vaižgantas $#Tumas, J. $#Tumas, Juozas $#Tumas-Vaižgantas, J. $#Tumas-Vaižgantas, Juozas $#Vajžgantas, Juozas $7121669459 $8$PVaižgantas$Z1869-1933 [Tp1] $9090818318 
044K    $#Storosta, Vilius $#Vîdûnas $#Vîdûnas, W. S. $#Storost-Vydūnas, Wilhelm $#Vydūnas, Wilhelm Storost- $#Storost-Vidimas, Wilhelm $#Vidimas, Wilhelm Storost- $#Vidunas Storosta, Wilhelm $#Storosta, Wilhelm Vidunas $#Vydūnas, Wilhelm $#Vydūnas, Vilius $#Vîdûnas, W.-St. $#Storost, Wilhelm $#Storosta, Vilhelmas $#Vidunas $#Vidūnas $#Vydûnas $#Storasta, Vilius $#Vîdûnas, W. St. $#Vydūnas, Wilhelm S.- $#Vidûnas, Wilhelm S. $#Vydūnas, Wilhelm Storost $7119349159 $8$PVydūnas$Z1868-1953 [Tp1] $9087688948 
044K    $#Liūnas $#Vienuolis $#Venuolis, A. $#Venuolis, Anatanas $#Venuolis, Antanas Iulianovich $#Venuolis, Antanas Julianovič $#Vienolis, Antans $#Vienuolis, A. $#Vienuolis-Žukauskas, Antanas $#Žukauskas, Anatanas $#Žukauskas, Antanas Vienuolis- $#Žukauskas, Antanas $#Shukauskas, Antanas $#Venuolis, Antanas $#Wenuolisi Antanas $#Žukauskas, Antanas $7117414034 $8Vienuolis, Antanas$Z1882-1957 [Tp1] $9123646685 
044K    $#Ptašinskas, Juozas $#Paukštjalis, Juozas $#Paukshtialis, Juozas $#Paukštjalis, Ju. $#Paukštelis, J. $#Paukshtialis, Iuozas $#Paukshtialis, Iu. $#Ptašinskas-Paukštelis, Juozas $#Паукштялис, Юозас $7140982086 $8Paukštelis, Juozas$Z1899-1981 [Tp1] $922229857X 
044K    $#Žadeikis, Pranas $#K. P. Ž. $#Žadeikis, Pr. $71060133768 $8Žadeikis, Pranciškus$Z1869-1933 [Tp1] $9349087156 
044K    $#Reingard, Fiodor $#Reingard, Fedor $#Reinhard, Theodor von $712397593X $8Reingardas, Teodoras$Z1883-1947 [Tp1] $9107314711 
044K    $RLitovskaja Gubernija $RLitauische Sozialistische Sowjetrepublik $#Litauen $#Litauen $#Lithuania $#Lietuvos Respublika $#République Lithuanienne $#Lithuanie $#Litva 1918 - 1940, 1991, 9 - $#Litovskaja Respublika $#Lithuania 1918 - 1940, 1991, 9 - $#Republik Litauen $#Republic of Lithuania $#Lithuanian Republic $#Litauische Republik $#Lietuva $74074266-0 $8Litauen [Tg1] $9085209074 
044K    $RWeltgeschichte $RWeltkrieg $#World War, 1914-1918 $#Guerre mondiale (1914-1918) $#Erster Weltkrieg $#1. Weltkrieg $74079163-4 $8Weltkrieg$g1914-1918 [Ts1] $9085224588 
044K    $RBuch $RSchriftsteller $#Literature $#Littérature $#Letteratura $#Literatura $#literature $#Literature $#Literatur $#Literatur $#Belletristik $#Dichtung Literatur $#Schöne Literatur $#Sprachkunst $#Wortkunst $74035964-5 $8Literatur [Tsz] $9085097128 
044K    $RPolitische Identität $RGeschichtsbild $RGeschichtsdenken $#Conscience historique $#Geschichtsbewusstsein $#Historisches Bewusstsein $#Geschichtsverständnis Geschichtsbewusstsein $#Geschichtskultur $74020526-5 $8Geschichtsbewusstsein [Ts1] $9085049387 
045F    $a800 $eDDC23BSB 
045F/01 $a800 
045F/03 $f09041 
045F/03 $g4793 
046L    $aLitauische Zusammenfassung unter dem Titel: Didysis karas lietuviu̧ literatūroje ir atsiminimuose 

lok: 43800375 78

exp: 43800375 78 1 #EPN
201B/01 $026-10-18 $t10:06:29.000 
201C/01 $026-10-18 
201U/01 $0utf8 
203@/01 $01031330674 
208@/01 $a26-10-18 $be 
209A/01 $a/ $f000 $x00 
209A/01 $ab*p $x01 
220C/01 $akoe 
247C/01 $82080>Marburg/Lahn, Herder-Institut, Forschungsbibliothek, Bibliographieportal $9336309341
LEADER 00000caa a2200000 c 4500
001 438003756
003 DE-603
005 20181026230426.0
007 tu
008 181026s2017 xx |||| | u00||u|eng c
035 |a (DE-599)HEB438003756 
040 |a DE-603  |b ger  |c DE-603  |d DE-603  |e rda 
041 |a eng 
082 0 4 |8 1\u  |a 800  |q DE-101  |2 23/BSB 
085 |8 1\u  |b 800 
085 |8 1\u  |z 1  |s 09041 
085 |8 1\u  |z 2  |s 4793 
100 1 |a Žmuida, Eugenijus  |e Verfasser  |4 aut  |0 (DE-603)405892462 
245 0 0 |a ˜Theœ Great War in Lithuanian Literature and Memoirs  |c Eugenijus Žmuida 
264 0 |c 2017 
336 |a Text  |b txt  |2 rdacontent 
337 |a ohne Hilfsmittel zu benutzen  |b n  |2 rdamedia 
338 |a Band  |b nc  |2 rdacarrier 
546 |a Litauische Zusammenfassung unter dem Titel: Didysis karas lietuviu̧ literatūroje ir atsiminimuose 
600 0 7 |a Vaižgantas  |d 1869-1933  |0 (DE-588)121669459  |0 (DE-603)090818318  |2 gnd 
600 0 7 |a Vydūnas  |d 1868-1953  |0 (DE-588)119349159  |0 (DE-603)087688948  |2 gnd 
600 1 7 |a Vienuolis, Antanas  |d 1882-1957  |0 (DE-588)117414034  |0 (DE-603)123646685  |2 gnd 
600 1 7 |a Paukštelis, Juozas  |d 1899-1981  |0 (DE-588)140982086  |0 (DE-603)22229857X  |2 gnd 
600 1 7 |a Žadeikis, Pranciškus  |d 1869-1933  |0 (DE-588)1060133768  |0 (DE-603)349087156  |2 gnd 
600 1 7 |a Reingardas, Teodoras  |d 1883-1947  |0 (DE-588)12397593X  |0 (DE-603)107314711  |2 gnd 
650 7 |a Weltkrieg  |g 1914-1918  |0 (DE-588)4079163-4  |0 (DE-603)085224588  |2 gnd 
650 7 |a Literatur  |0 (DE-588)4035964-5  |0 (DE-603)085097128  |2 gnd 
650 7 |a Geschichtsbewusstsein  |0 (DE-588)4020526-5  |0 (DE-603)085049387  |2 gnd 
651 7 |a Litauen  |0 (DE-588)4074266-0  |0 (DE-603)085209074  |2 gnd 
773 0 8 |i Enthalten in  |t ˜Theœ Great War in Lithuania and Lithuanians in the Great War: experiences and memories  |d Klaipėda : Klaipėdos universiteto leidykla, 2017  |h 238 Seiten  |g (2017), Seite 147-163  |w (DE-603)434658367 
924 0 |9 2080  |a (DE-603)1031330674  |b DE-2080  |c HES  |d d  |g /